000 00351pab a2200145 454500
008 180718b1987 xxu||||| |||| 00| 0 eng d
100 _aDixit, Mukund R.
245 _aMonitoring government policy environment
260 _c1987
300 _a5-16
362 _aApr.-June
650 _aGovernment Enterprise
773 _aProductivity
909 _a9132
999 _c9132
_d9132